000 00513nam a2200193Ia 4500
003 GCL
008 140319s9999 xx 000 0 eng d
040 _aGCL /
_cGCL
082 0 4 _a421
_bM O
100 1 _aMCARTHUR, TOM
245 1 0 _aTHE OXFORD COMPANION TO THE ENGLISH LANGUAGE /
_cMCARTHUR, TOM
700 1 _aMCARTHUR, ROSHAN
260 _a[S.N] :
_bOXFORD UNIVERSITY PRESS ،
_c1996
300 _a1053 P
650 0 4 _aLINGUISTICS
650 0 4 _aENGLISH LANGUAGE
650 0 4 _aLANGUAGES
942 _2ddc
_cBK
999 _c13701
_d13701